00552nam a22002177a 4500003000500000005001700005008004100022010001000063011001000073035001000083040000900093100002000102245003700122260004500159300001000204490001800214650002300232650003700255700002400292830001800316CHAP20220329135940.0971013s1979 r 00010 d a44561 a45533 a49672 cCHAP00aTeller, Edward. aEnergy and envoronmental quality aDavis :bUniversity of California,c1979 a29 p. aChapbookv; 714aEnergía nuclear.14aMedio ambientexContaminación.0 aWatt, Kenneth E. F.0 aChapbookv; 7